000 00590cam a22002053a 4500
001 35035
003 PGUSA
005 20140828083745.0
008 110122s2011||||xxu|||||s|||||000 | eng d
040 _aPGUSA
_beng
042 _adc
100 1 _aFleming, May Agnes,
_d1840-1880
245 1 4 _aThe Actress' Daughter :
_bA Novel
_h[electronic resource] /
_cMay Agnes Fleming
260 _bProject Gutenberg,
_c2011
506 _aPublic domain in the USA.
516 _aElectronic text
830 0 _aProject Gutenberg
_v35035
856 4 0 _uhttp://www.gutenberg.org/ebooks/35035
942 _cEB
999 _c264290
_d264290